00381nam a2200145 a 450000500170000000800410001702000060005805000200006410000240008424500180010826000380012644000240016465000350018865000120022320140414132106.0100902s19uu xx 00 eng d a  aM 395bC36 2010 aChancellor, Deborah aGood manners. aGreat Britain :bTicktock,c2010. aLet's find about... aEtiquettexJuvenile literature a x x